000
00319pab a2200145 454500
008
180718b1997 xxu||||| |||| 00| 0 eng d
100
_a
Mahbub Ul Haq
245
_a
Employment in the 1970s
260
_c
1997
300
_a
p.57-62
362
_a
Mar
650
_a
Employment
773
_a
Development
909
_a
34543
999
_c
34543
_d
34543